00419nam a22001337a 450000500170000000800410001704100120005808200130007010000130008324500450009626000880014130000300022965000260025920240508143346.0240508b |||||||| |||| 00| 0 eng d aEnglish a349 LAW  lEnglish  aThe Law Reports: Queen's Bench Division  aLondon: bThe incorporated Council of Law Reporting for England and Wales, c1972  bxvi, 571 pages; c25 cm.  aLegal practice bLaw